Estatísticas para Países da OPEP

Clique aqui para jogar o quiz

Estatísticas Gerais

  • Esse quiz foi jogado 3 720 vezes
    (2 023 desde o último reset)
  • A pontuação média é 7 de 13

Estatísticas das Respostas

AnosPaís% Correto
1960 -Arábia Saudita
93%
1960 -Irã
87%
1960 -Iraque
83%
1960 -Venezuela
83%
1967 -Emirados Árabes Unidos
80%
1960 -Kuwait
67%
1962 -Líbia
48%
1969 -Argélia
46%
1971 -Nigéria
39%
2007 -Angola
36%
2018 -República do Congo
29%
1975-1995, 2016 -Gabão
19%
2017 -Guiné Equatorial
17%

Distribuição das Pontuações

Percentil de Números Respondidos

Porcentagem de Pessoas com Cada Pontuação

Sua Pontuação Histórica

Você não jogou esse quiz desde o último reset